Transversal mappings and flows /

Guardado en:
Autor Principal: Abraham, Ralph.
Otros Autores: Robbin, Joel W.
Formato: Libro
Idioma:English
Publicado: New York : W. A. Benjamin, 1967.
Etiquetas: Agregar Etiqueta
Sin Etiquetas, Sea el primero en etiquetar este registro!
LEADER 00961nam a22002055a 4500
001 MAT.inmabb002381
008 740606s1967####nyua#####b####001#0#eng#d
005 20151117154125.0
245 1 0 |a Transversal mappings and flows /  |c Ralph Abraham, Joel Robbin. 
260 |a New York :  |b W. A. Benjamin,  |c 1967. 
300 |a x, 161 p. :  |b il. ;  |c 23 cm. 
505 8 |a 1. Differential theory -- 2. Spaces of sections -- 3. Regular values -- 4. Transversality theory -- 5. Flows on manifolds -- 6. Stable manifolds -- 7. Generic properties of flows. 
505 8 |a Apéndices: The Whitney extension theorem / by Joel Robbin -- Real semialgebraic sets / by Joel Robbin -- The stable, center-stable, center, center-unstable, and unstable manifolds / by Al Kelley. 
504 |a Bibliografía: p. 155-157. 
510 4 |a MR,  |c 39 #2181 
100 1 |a Abraham, Ralph. 
700 1 |a Robbin, Joel W. 
084 |a 57.55  |2 MR 
010 |a  67022211  
859 |h 57  |i Ab159  |p A-4061  |b BIB. MATEMATICA